De Amor Nadie Se Muere REMIX - Luenco, Lu Decker - Estadísticas

Estadísticas generales
  • Esta prueba ha sido intentada 368 veces
  • La puntuación promedio es 188 de 417
Estadísticas de respuestas
Letra % Correcto
a
100%
amor
100%
de
100%
De
100%
e'
100%
el
100%
El
100%
muere
100%
nadie
100%
se
100%
100%
Se
100%
con
75%
No
75%
no
75%
cele'
50%
duele
50%
fuiste
50%
historia',
50%
La
50%
la
50%
me
50%
50%
miro
50%
otro
50%
pero
50%
Pero,
50%
Pero
50%
porque
50%
Porque
50%
que
50%
Qué
50%
sabe'
50%
Te
50%
te
50%
tu'
50%
50%
tú,
50%
Y
50%
y
50%
al
25%
ala',
25%
así
25%
claro
25%
corto
25%
dejo
25%
diferencia
25%
en
25%
estoy
25%
lloro,
25%
lo
25%
Lo
25%
má'
25%
mal,
25%
mujere'
25%
quiere'
25%
quiere
25%
Quiero
25%
quiero
25%
Si
25%
si
25%
tengo
25%
va
25%
voy
25%
vuele'
25%
Yo
25%
yo
25%
baby,
0%
bien,
0%
buscaba,
0%
cambiado
0%
cayó
0%
Confieso
0%
conmigo
0%
cuando
0%
despué'
0%
después
0%
devuelve
0%
dice)
0%
DM
0%
era
0%
escribes
0%
ese
0%
espere'
0%
está'
0%
estaba
0%
estar
0%
estaré
0%
estás
0%
(Ey,
0%
Ey,
0%
ey
0%
Ey
0%
finjas
0%
había
0%
hables
0%
hacía'
0%
han
0%
has
0%
imagino
0%
los
0%
madrugada
0%
mala
0%
menos
0%
miras
0%
mis
0%
ni
0%
nosotros
0%
olvidarte
0%
olvido
0%
papele'
0%
"para
0%
Pensar
0%
perdido
0%
perdiendo
0%
piensas
0%
pierde
0%
puedes
0%
quería'
0%
quién
0%
quieres
0%
raro
0%
retrocede
0%
sabes
0%
ser
0%
siempre",
0%
siquiera
0%
solo
0%
suerte
0%
tarde
0%
tiempo
0%
todo,
0%
todo
0%
tranquilo
0%
trene'
0%
un
0%
ve
0%
ve'
0%
vece'
0%
verte
0%
viene
0%
vivimo',
0%
vivimos,
0%
volver,
0%
ya
0%
No se encontraron pruebas coincidentes
Distribución de puntuación
Porcentaje de gente con cada puntuación
Porcentaje por número respondido
Historial de tus puntuaciones
No has intentado esta prueba.